000 00302nam a22001097a 4500
008 170126b xxu||||| |||| 00| 0 eng d
020 _a0397504217
041 _aeng
080 _a61
245 _aPRIMARY CARE MEDICINE: OFFICE EVALUATION AND MANAGEMENT OF THE ADULT PATIENT
_cMULLEY, G.M
942 _2udc
_cBK
999 _c3750
_d3750